| 000 | 04761cam a22018854i 4500 | ||
|---|---|---|---|
| 003 | PE-LiUPU | ||
| 005 | 20250813165351.0 | ||
| 008 | 140421s2014 sp a 000 0 spa d | ||
| 020 | _a8415452772 | ||
| 020 | _a8438004687 | ||
| 020 | _a9788415452775 | ||
| 020 | _a9788438004685 | ||
| 035 | _a(Sirsi) i9788415452775 | ||
| 040 |
_aBNM _bspa _erdc _cBNM _dESALI _dPE-LiUPU _erda |
||
| 049 | _aPRUA | ||
| 082 |
_a631.4 _bM22 _220 |
||
| 100 | 1 |
_aMancebo Piqueras, José Antonio, _eautor. |
|
| 245 | 1 | 0 |
_aKarstología de terrenos salinos aplicada a la ingeniería civil _cJosé Antonio Mancebo Piqueras, Eugenio Sanz Pérez, Ignacio Menéndez-Pidal de Navascués. |
| 250 | _a1a Edición. | ||
| 264 |
_aMadrid : _bIbergarceta, _c2014. |
||
| 300 |
_axiii, 227 páginas : _bilustraciones ; _c24 centímetros. |
||
| 336 |
_text _2rdacontent |
||
| 337 |
_unmediated _2rdamedia |
||
| 338 |
_volume _2rdacarrier |
||
| 490 | 0 |
_aSeinor _v47 |
|
| 504 | _aBibliografía: páginas 222-227. | ||
| 505 | 2 | _aGeología de rocas evaporíticas -- Teoría de la desolución de materiales evaporíticas. solubilidad de yeso y otros materiales salinos -- Elementos de hidraúlica kárstica. Mecanismos de disolución en ingeniería civil -- Disolución del sustrato yesífero y otras interacciones en presas -- El progreso del Karst en materiales salinos. experiementación y casos de aplicación -- Colapsos por disolución de sustratos yesíferos en ingeniería civil. | |
| 526 | _aP203 | ||
| 526 | _aP200 | ||
| 526 | _aSEG65 | ||
| 526 | _aSEG64 | ||
| 526 | _aSEG63 | ||
| 526 | _aSEG62 | ||
| 526 | _aSEG61 | ||
| 526 | _aSEG60 | ||
| 526 | _aSEG59 | ||
| 526 | _aSEG58 | ||
| 526 | _aSEG57 | ||
| 526 | _aSEG56 | ||
| 526 | _aSEG55 | ||
| 526 | _aSEG54 | ||
| 526 | _aSEG53 | ||
| 526 | _aSEG52 | ||
| 526 | _aSEG51 | ||
| 526 | _aSEG50 | ||
| 526 | _aSEG49 | ||
| 526 | _aSEG48 | ||
| 526 | _aSEG47 | ||
| 526 | _aSEG46 | ||
| 526 | _aSEG24 | ||
| 526 | _aSEG23 | ||
| 526 | _aSEG22 | ||
| 526 | _aSEG21 | ||
| 526 | _aSEG20 | ||
| 526 | _aSEG19 | ||
| 526 | _aSEG18 | ||
| 526 | _aSEG17 | ||
| 526 | _aSEG16 | ||
| 526 | _aSEG14 | ||
| 526 | _aSEG13 | ||
| 526 | _aSEG12 | ||
| 526 | _aSEG11 | ||
| 526 | _aSEG10 | ||
| 526 | _aSEG09 | ||
| 526 | _aSEG06 | ||
| 526 | _aSEG05 | ||
| 526 | _aSEG04 | ||
| 526 | _aSEG03 | ||
| 526 | _aSEG02 | ||
| 526 | _aSEG68 | ||
| 526 | _aSEG66 | ||
| 526 | _aSEG45 | ||
| 526 | _aSEG25 | ||
| 526 | _aSEG01 | ||
| 526 | _aP163 | ||
| 526 | _aP162 | ||
| 526 | _aP161 | ||
| 526 | _aP160 | ||
| 526 | _aP159 | ||
| 526 | _aP158 | ||
| 526 | _aP157 | ||
| 526 | _aP156 | ||
| 526 | _aP155 | ||
| 526 | _aP154 | ||
| 526 | _aP153 | ||
| 526 | _aP152 | ||
| 526 | _aP151 | ||
| 526 | _aP150 | ||
| 526 | _aP149 | ||
| 526 | _aP142 | ||
| 526 | _aP141 | ||
| 526 | _aP140 | ||
| 526 | _aP139 | ||
| 526 | _aP138 | ||
| 526 | _aP137 | ||
| 526 | _aP132 | ||
| 526 | _aP131 | ||
| 526 | _aP130 | ||
| 526 | _aP126 | ||
| 526 | _aP125 | ||
| 526 | _aP124 | ||
| 526 | _aP123 | ||
| 526 | _aP115 | ||
| 526 | _aP122 | ||
| 526 | _aP121 | ||
| 526 | _aP116 | ||
| 526 | _a P114 | ||
| 526 | _aP112 | ||
| 526 | _aP111 | ||
| 526 | _aP104 | ||
| 526 | _aP103 | ||
| 526 | _aP102 | ||
| 526 | _aP101 | ||
| 526 | _aP100 | ||
| 526 | _aP96 | ||
| 526 | _aP95 | ||
| 526 | _aP93 | ||
| 526 | _aP92 | ||
| 526 | _aP91 | ||
| 526 | _aP88 | ||
| 526 | _aP83 | ||
| 526 | _aP82 | ||
| 526 | _aP79 | ||
| 526 | _aP78 | ||
| 526 | _aP75 | ||
| 526 | _aP74 | ||
| 526 | _aP71 | ||
| 526 | _aP69 | ||
| 526 | _a P51 | ||
| 526 | _aP49 | ||
| 526 | _aP48 | ||
| 526 | _aP47 | ||
| 526 | _aP33 | ||
| 526 | _aP31 | ||
| 526 | _a P30 | ||
| 526 | _aP29 | ||
| 526 | _aP27 | ||
| 526 | _aP26 | ||
| 526 | _aP25 | ||
| 526 | _aP24 | ||
| 526 | _a P22 | ||
| 526 | _aP10 | ||
| 526 | _aP09 | ||
| 526 | _a P08 | ||
| 526 | _aP06 | ||
| 526 | _aP05 | ||
| 526 | _aP04 | ||
| 526 | _aP01 | ||
| 541 | _g0020-0000889; | ||
| 650 | 4 |
_aSuelos _xComposición |
|
| 650 | 7 |
_aKarst (Geología) _2embne |
|
| 650 | 7 |
_aSuelos _xSalinidad _2embne |
|
| 700 | 1 |
_aMenéndez-Pidal de Navascués, Ignacio, _eautor. |
|
| 700 | 1 |
_aSanz Pérez, Eugenio, _eautor. |
|
| 942 |
_2ddc _cBOOK |
||
| 949 |
_a631.4 M22 _wDEWEY _c1 _i74052 _lCCODEBUL1 _mBUL _p31.78 _r0 _sY _tBOOK _u2016-7-15 _xINGENIERIA _PP25 _0COMPRA _o.STAFF. Colección General |
||
| 994 |
_aC0 _bPEPRU |
||
| 596 | _a1 | ||
| 999 |
_a631.4 M22 _wDEWEY _c11189 _i74052 _f2021-11-9 _g7 _lCCODEBUL1 _mBUL _p31.78 _r0 _sY _tBOOK _u2016-7-15 _xINGENIERIA _PP25 _0COMPRA _o.STAFF. Colección General _d11189 |
||
| 980 |
_81 _gALBERTO SANCHEZ Responsable de Automatización |
||